Premena obchodných spoločností z pohľadu zdaňovania a účtovania

Premeny obchodných spoločností upravuje od 1. marca 2024 zákon č. 309/2023 Z. z. S ohľadom na charakter premien obchodných spoločností a družstiev a ich ekonomické dôsledky je vhodné a žiaduce poukázať na vybranú právnu úpravu obsiahnutú v: zákone o účtovníctve, dani z príjmov a zákone o dani z prid...

Descripción completa

Guardado en:
Detalles Bibliográficos
Autor principal: Boráková, Lucia
Formato: Capítulo de libro
Lenguaje:eslovaco
Materias:
Etiquetas: Agregar Etiqueta
Sin Etiquetas, Sea el primero en etiquetar este registro!

MARC

LEADER 00000naa a2200000 4500
001 0307622
005 20250313092212.0
041 0 |a slo 
044 |a SK 
245 1 0 |a Premena obchodných spoločností z pohľadu zdaňovania a účtovania  |c Lucia Boráková 
520 |a Premeny obchodných spoločností upravuje od 1. marca 2024 zákon č. 309/2023 Z. z. S ohľadom na charakter premien obchodných spoločností a družstiev a ich ekonomické dôsledky je vhodné a žiaduce poukázať na vybranú právnu úpravu obsiahnutú v: zákone o účtovníctve, dani z príjmov a zákone o dani z pridanej hodnoty. 
610 2 0 |a spoločnosti 
610 2 0 |a zdaňovanie 
610 2 0 |a účtovníctvo 
610 2 0 |a zákonodarstvo 
610 2 0 |a legislatíva 
100 1 |a Boráková, Lucia